Стенографический отчет Первого съезда Сибирских винокуренных заводчиков в г. Томске 23-25 апреля 1909 года; Доклад; Испытательные лаборатории и специальные промышленные школы частной инициативы

Λεπτομέρειες βιβλιογραφικής εγγραφής
Περίληψη:Текст в русской дореформенной орфографии
Γλώσσα:Ρωσικά
Έκδοση: Томск, Паровая типография Н. И. Орловой, 1909
TOC:Е. Л. Зубашев, Доклад;
С. В. Лебедев, Испытательные лаборатории и специальные промышленные школы частной инициативы;
Θέματα:
Μορφή: Βιβλίο
KOHA link:https://koha.lib.tpu.ru/cgi-bin/koha/opac-detail.pl?biblionumber=174169

MARC

LEADER 00000nam0a2200000 4500
001 174169
005 20231101223136.0
035 |a (RuTPU)RU\TPU\book\188883 
090 |a 174169 
100 |a 20100122d1909 m y0rusy50 ca 
101 0 |a rus 
102 |a RU 
105 |a y z 001zy 
200 1 |a Стенографический отчет Первого съезда Сибирских винокуренных заводчиков в г. Томске 23-25 апреля 1909 года 
210 |a Томск  |c Паровая типография Н. И. Орловой  |d 1909 
215 |a 130 с.  |e Список участников съезда с. I-II 
300 |a Текст в русской дореформенной орфографии 
318 |5 63413507  |a Основоположник высшего технического образования в Сибири. К 150-летию со дня рождения Е.Л. Зубашева  |b выставка 
464 |t Доклад  |f Е. Л. Зубашев 
464 |t Испытательные лаборатории и специальные промышленные школы частной инициативы  |f С. В. Лебедев 
606 1 |a Пищевая промышленность  |2 stltpush  |3 (RuTPU)RU\TPU\subj\33648  |9 55824 
610 1 |a винокуренная промышленность 
610 1 |a история 
610 1 |a 20 век 
610 1 |a Западная Сибирь 
610 1 |a Томск 
610 1 |a труды учёных ТПУ 
610 1 |a коллекция ТПУ 
610 1 |a статистические данные 
610 1 |a производственная база 
610 1 |a производственно-техническое обучение 
610 1 |a производственно-экономические проблемы 
610 1 |a винодельческие предприятия 
610 1 |a винокуренное производство 
610 1 |a Томский технологический институт 
610 1 |a ценообразование 
610 1 |a акцизы 
610 1 |a спиртовое производство 
610 1 |a спиртовое брожение 
610 1 |a спирты 
675 |a 664  |v 3 
801 1 |a RU  |b 63413507  |c 20100122 
801 2 |a RU  |b 63413507  |c 20191209  |g RCR 
942 |c BK